000 00364nam a2200133Ia 4500
008 240624s9999 xx 000 0 und d
041 _aeng
082 _a302.35 JON
100 _aJONES GARETH R
245 _aORGANIZATIONAL THEORY DESIGN AND CHANGE
250 _a(5th ed.)
260 _c2009
_aNew Delhi
_bPearson Education
300 _axxiii, : 552 : p. : cm. ; 28
999 _c20401
_d20401